Effective evaluations : A practical guide

Bibliographic Details
Main Author: XAVIER
Corporate Author: Institut Tadbiran Awam Negara (INTAN)
Format: Book
Published: Kuala Lumpur : INTAN , 2000
Series:INTAN management series
Subjects:

MARC

LEADER 00000cam a2200000 7i4500
001 0000001096
005 20131222.0
020 0 0 |a 9679933652 
090 0 0 |a 001.4   |b XAV 2000 
100 1 0 |a XAVIER   |h John Antony 
245 1 0 |a Effective evaluations :   |b A practical guide   |c John Antony Xavier 
260 0 0 |a Kuala Lumpur :   |b INTAN ,   |c 2000 
300 |a xxiii, 139 p. ;   |c 21 cm. 
440 0 0 |a INTAN management series 
500 0 0 |a Bibliography : [p. 139] 
650 0 0 |a Evaluation 
650 0 0 |a Evaluation   |x Methodology 
710 1 1 |a Institut Tadbiran Awam Negara (INTAN) 
998 |a JPSM 
999 |a 0000002351   |b Monograph   |c Open Shelf   |e Default branch 
999 |a 0000002352   |b Monograph   |c Open Shelf   |e Default branch